000
00269nam a22001097a 4500
082
_a
621.402
_b
DOM/SO
100
_a
Domkundwar, V.M
245
_a
Solved problems in thermal engineering
260
_a
New Delhi
_b
Dhanpat Rai & Co
700
_a
Domkundwar, A.V
942
_c
BK
999
_c
13909
_d
13909